| 000 | 00484nam a2200193Ia 4500 | ||
|---|---|---|---|
| 008 | 151121s9999||||xx |||||||||||||| ||und|| | ||
| 082 | _a334/ | ||
| 082 | _bHNW-14475 | ||
| 100 | _aPublisher | ||
| 245 | _aAnnual Report On Industrial।। | ||
| 260 | _bGovt। Of Bombay। | ||
| 260 | _c-- | ||
| 300 | _a217 | ||
| 600 | _aPublisher | ||
| 630 | _aAnnual Report On Industrial।। | ||
| 700 | _aPublisher | ||
| 730 | _aAnnual Report On Industrial।। | ||
| 942 | _cBOOK | ||
| 999 |
_c1218147 _d1218144 |
||